000 00865cab a2200325 4500
001 ABS54916
008 090401t1996 xxu||||| |||| 00| 0 eng d
035 _a(Sirsi) u13052
041 _aeng
245 _aEstates Times survey: Retail
260 _c1996
350 _a0
490 _aEstates Times
_v(1322) 26 April 1996, 17-25(9)
650 _aBRISTOL
650 _aCASTLE QUAY SHOPPING CENTRE
650 _aDICKENS GROUP
650 _aEUROPE
650 _aFACTORY OUTLETS
650 _aLEITH
650 _aMARKET TOWNS
650 _aOCEAN TERMINAL
650 _aPETERBOROUGH
650 _aRETAIL INVESTMENT
650 _aSHOPPING CENTRES
650 _aTRAFFORD CENTRE
690 _aPROPERTY-COMMERCIAL PROPERTY-COMMERCIAL PROPERTY MARKET
690 _aPROPERTY-COMMERCIAL PROPERTY-RETAIL PROPERTY
942 _n0
948 _c04/03/1997
999 _c8388
_d8388